000
00210nam a22000977a 4500
003
OSt
008
210119b ||||| |||| 00| 0 eng d
100
_a
Gandhi, M. K
_9
4546
245
_a
My non violence
942
_c
BK
999
_c
16714
_d
16714